000 02631nam a2200229Ia 4500
999 _c29251
_d29251
003 OSt
005 20210216113508.0
008 160316s2011 xxu||||| |||| 00| 0 eng d
020 _a9788177371932
040 _cNLS
082 _a346.0683 PAH
100 _aPahwa H P S
245 _aSick industries and BIFR
250 _a9th
260 _aNew Delhi
_bBharat Law House
_c2011
300 _a1085p
365 _b Rs. 1,345
505 _aContents: PART I The Sick Industrial Companies (Special Provisions) Act, 1985; PART II Sick Industries & Allied Acts; Chapter 1 Effect of order passed by BIFR affecting the provisions of Income-tax Act; Chapter 2 State Financial Corporation Act vis-a-vis Sick Industrial Companies (Special Provisions) Act; Chapter 3 Specimen application for obtaining stay from the Government authorities against the recovery of dues — from Sales-tax authorities and Electricity Boards; Chapter 4 Sick Industries and Employees' Provident Funds and Miscellaneous Provisions Act & ESI Act; Chapter 5 Scheme for Excise Relief for Weak Industrial Units; Chapter 6 Notifications, Press Notes, Circulars, Clarifications etc., Issued under the Act; PART III Reference & Appeal; Chapter 1 Reference to BIFR by Industrial Company other than a Government Company and Procedure under the Act; Chapter 2 Reference by Government Companies; Chapter 3 Procedure for Appeal to Appellate Authority; PART IV Sick Industrial Units — Operating Agency & Preparation of Schemes; Chapter 1 Sick Industrial Units — Operating Agency and Preparation of Schemes; Chapter 2 Guidelines for Rehabilitation of Sick Small Scale Industrial Units; PART V Case Studies; Chapter 1 Case Studies; PART VI The Securitisation & Reconstruction of Financial Assets & Enforcement of Security Interest Act, 2002; Chapter 1 Scope of the Act; Chapter 2 Enforcement of Security Interest; Chapter 3 Debt Securitisation/Reconstruction: A Financial Product; Chapter 4 Borrower and the Act; PART VII State VAT/Sales-Tax Incentive Schemes; Chapter 1 State VAT/Sales Tax Laws and sick industries; Appendices Text of Goswami Committee Report; Appendix 1 Report of the Committee on Industrial Sickness and Corporate Restructuring; SUBJECT INDEX.
650 _a1.Labour Law - Sick Industries - BIFR
700 _a
_a
942 _2ddc
_cBK